000 00527nam a22001817a 4500
003 OSt
005 20250508110221.0
008 250508b |||||||| |||| 00| 0 eng d
020 _a9780857091536
040 _crda
100 _aHo, Chyekok.,
_eAuthor
_9755479
245 _aHR Due Diligence Mergers and acquisitions in China
_cBy Chyekok Ho and Chindseng koh
260 _aNew Delhi
_bChandos
_c2012
300 _axviii,172P
650 _2Acquisition
700 _aKoh, ChinSeng.,
_eAuthor
_9755480
942 _2CC
_cGB
_e1
_n0
999 _c1320395
_d1320395